ՀՀ Գիտությունների ազգային ակադեմիայի հիմնարար գիտական գրադարան  =   Fundamental Scientific Library of NAS RA

Социальное познание и политическая культура : (Record no. 137375)

MARC details
000 -LEADER
fixed length control field 01128nam a2200229 u 4500
001 - CONTROL NUMBER
control field 000359135
003 - CONTROL NUMBER IDENTIFIER
control field AM-YeHGA
005 - DATE AND TIME OF LATEST TRANSACTION
control field 20250617131520.0
008 - FIXED-LENGTH DATA ELEMENTS--GENERAL INFORMATION
fixed length control field 040907s1990 ||| r 000 0 rus d
020 ## - INTERNATIONAL STANDARD BOOK NUMBER
Canceled/invalid ISBN 5-230-06476-X
040 ## - CATALOGING SOURCE
Original cataloging agency AM-YeHGA
041 0# - LANGUAGE CODE
Language code of text/sound track or separate title rus
090 ## - LOCALLY ASSIGNED LC-TYPE CALL NUMBER (OCLC); LOCAL CALL NUMBER (RLIN)
-- 138747
245 00 - TITLE STATEMENT
Title Социальное познание и политическая культура :
Remainder of title Сб. науч. тр. /
Statement of responsibility, etc. Гос. ком. РСФСР по делам науки и высш. шк. Твер. гос. ун-т. Твер. отд-ние Филос. о-ва СССР; Редкол.: В.Н. Расторгуев (отв. ред.) и др.
260 ## - PUBLICATION, DISTRIBUTION, ETC.
Place of publication, distribution, etc. Тверь :
Name of publisher, distributor, etc. Б. и.,
Date of publication, distribution, etc. 1990.
300 ## - PHYSICAL DESCRIPTION
Extent 124 с.
504 ## - BIBLIOGRAPHY, ETC. NOTE
Bibliography, etc. note Библиогр. в конце ст.
653 0# - INDEX TERM--UNCONTROLLED
Uncontrolled term Политическая культура - Формирование - Сборники
653 0# - INDEX TERM--UNCONTROLLED
Uncontrolled term Культура - Философские проблемы - Сборники
700 1# - ADDED ENTRY--PERSONAL NAME
Personal name Расторгуев, Валерий Николаевич
Relator term ред.
Relationship edt
710 2# - ADDED ENTRY--CORPORATE NAME
Corporate name or jurisdiction name as entry element Тверской государственный университет
Holdings
Withdrawn status Lost status Damaged status Not for loan Collection Home library Current library Date acquired Total checkouts Full call number Barcode Date last seen Price effective from Koha item type Public note
        General Fundamental Scientific Library Fundamental Scientific Library 22/12/2016   [316.66+008] 120626715 22/12/2016 22/12/2016 Գրքեր / Books 30 Days Loan


ՀՀ ԳԱԱ հիմնարար գիտական գրադարան
ՀՀ,Երևան 0019
Մարշալ Բաղրամյան 24/6
հեռախոս:(374-10) 52-47-50
Հետադարձ կապ

All site content, except where otherwise noted, is licensed under a
Creative Commons License